000 00353nam a2200133Ia 4500
008 220204s9999 xx 000 0 und d
082 _a65:63
_bOSB
100 _aOsburn, Donald D
245 0 _aModern agriculture management
260 _aVirginia
_bReston
_c1978
650 _aAgricultural management
700 _aSchneeberger, Kenneth C
942 _cBK
999 _c33108
_d33108